Building construction drafting and design (Record no. 78901)

MARC details
000 -LEADER
fixed length control field 00631nam a2200145 a 4500
008 - FIXED-LENGTH DATA ELEMENTS--GENERAL INFORMATION
fixed length control field 120416s1987 ||||||||||||||||| || u
050 ## - LIBRARY OF CONGRESS CALL NUMBER
Classification number T 355 Mol
100 ## - MAIN ENTRY--PERSONAL NAME
Personal name Molnar, John P. E
245 10 - TITLE STATEMENT
Title Building construction drafting and design
260 ## - PUBLICATION, DISTRIBUTION, ETC.
Place of publication, distribution, etc. New Delhi
Name of publisher, distributor, etc. CBS
Date of publication, distribution, etc. 1987
300 ## - PHYSICAL DESCRIPTION
Extent xii, 244p. : ill.
350 ## -
-- 0.00
995 ## -
-- MAIN LIBRARY OPEN ACCESS
-- 0.00
-- 724407
-- CBU-MAIN LIBRARY (Kitwe)
-- 3
-- 70.00
-- T 355 Mol
-- 1
-- AVAILABLE
-- 013733
-- Main Library Open Access Collection
995 ## -
-- BINDERY (DAMAGED)
-- 0.00
-- 724406
-- CBU-MAIN LIBRARY (Kitwe)
-- 2
-- 70.00
-- T 355 Mol
-- 2
-- DAMAGED
-- 013734
-- Main Library Open Access Collection
999 ## -
-- 78901
-- 78901

No items available.